Statistics for Dominica or Dominican Republic?

Click here to take the quiz!

General Stats

  • This quiz has been taken 19 times
  • The average score is 12 of 16

Answer Stats

QuestionAnswer% Correct
Borders HaitiDominican Republic
100%
Is the largest of the twoDominican Republic
95%
Is also located in the island of HispaniolaDominican Republic
95%
Gained independence from the United KingdomDominica
84%
Is a member of the United Nations (UN)Both
79%
Its official language is SpanishDominican Republic
79%
Was the first permanent settlement for European colonistsDominican Republic
74%
Has one of the largest boiling lakes in the worldDominica
68%
Whale watching is a popular spectator sport hereDominica
68%
Contains purple on its flagDominica
68%
Its capital is one of the oldest in North AmericaDominican Republic
68%
Has more volcanoesDominica
63%
Is a member of the CommonwealthDominica
63%
The movie "Pirates of the Caribbean: Dead Man’s Chest " was filmed hereDominica
63%
Has a higher GDPDominican Republic
63%
Is Catholic/CatholicismBoth
37%

Score Distribution

Percentile by Number Answered

Percent of People with Each Score

Your Score History

You have not taken this quiz